书目信息 |
| 题名: |
儿科护理
|
|
| 作者: | 李杰 主编 | |
| 分册: | ||
| 出版信息: | 北京 人民卫生出版社 2010.01 |
|
| 页数: | 189页 | |
| 开本: | 26cm | |
| 丛书名: | ||
| 单 册: | ||
| 中图分类: | R473.72 | |
| 科图分类: | ||
| 主题词: | 护理学 | |
| 电子资源: | ||
| ISBN: | 978-7-117-12057-9 | |
| 000 | 00590nam0 2200217 450 | |
| 001 | 1133072530 | |
| 005 | 20110915091248.48 | |
| 010 | @a978-7-117-12057-9@dCNY22.00 | |
| 100 | @a20110915d2010 km y0chiy0120 ea | |
| 101 | 0 | @achi |
| 102 | @aCN@b110000 | |
| 200 | 1 | @a儿科护理@Aer ke hu li@f李杰主编@Fli jie zhu bian |
| 205 | @a2版 | |
| 210 | @a北京@c人民卫生出版社@d2010.01 | |
| 215 | @a189页@d26cm | |
| 300 | @a卫生职业教育配套教材护理专业能力训练 | |
| 606 | 0 | @a护理学 |
| 690 | @aR473.72@v5 | |
| 701 | 0 | @a李杰@Ali jie@4主编 |
| 801 | 0 | @aCN@bNISOFT@c20110915 |
| 905 | @aBZT@dR473.72@e11 | |
| 儿科护理/李杰主编.-2版.-北京:人民卫生出版社,2010.01 |
| 189页;26cm |
| 卫生职业教育配套教材护理专业能力训练 |
| ISBN 978-7-117-12057-9:CNY22.00 |
| ● |
| 相关链接 |
|
|
|
正题名:儿科护理
索取号:R473.72/11
 
预约/预借
| 序号 | 登录号 | 条形码 | 馆藏地/架位号 | 状态 | 备注 |
| 1 | 794802 | 2000794802 | 样本书库/样003架A面5层3列/ [索取号:R473.72/11] | 在馆 | |
| 2 | 794803 | 2000794803 | 中心书库中库/ 中库008架B面6列3层7/ [索取号:R473.72/11] | 在馆 | |
| 3 | 794804 | 2000794804 | 中心书库中库/ 中库008架B面6列3层6/ [索取号:R473.72/11] | 在馆 |